Taylor Swift 103 - Statistics

General Stats
  • This quiz has been taken 7 times
  • The average score is 223 of 299
Answer Stats
Answer % Correct
be
100%
did
100%
I
100%
you
100%
a
75%
admit
75%
ain't
75%
all
75%
and
75%
any
75%
baby
75%
back
75%
bare
75%
been
75%
black
75%
bouquet
75%
broken
75%
by
75%
cat
75%
catch
75%
cocky
75%
crack
75%
curse
75%
daisy's
75%
dancing
75%
dark
75%
distraught
75%
don't
75%
eyes
75%
falling
75%
forever
75%
forgive
75%
good
75%
got
75%
gotta
75%
hand
75%
hard
75%
he
75%
his
75%
I'll
75%
in
75%
is
75%
it
75%
it's
75%
I've
75%
key
75%
knock
75%
know
75%
laughed
75%
little
75%
love
75%
loves
75%
magic
75%
make
75%
manhood
75%
me
75%
mine
75%
my
75%
naked
75%
need
75%
never
75%
New
75%
not
75%
of
75%
on
75%
open
75%
opened
75%
our
75%
over
75%
own
75%
put
75%
Redwood
75%
rock
75%
see
75%
seems
75%
sounds
75%
star
75%
stepped
75%
superstitious
75%
that
75%
the
75%
then
75%
thighs
75%
to
75%
took
75%
tree
75%
understood
75%
until
75%
wand
75%
was
75%
way
75%
we
75%
wishing
75%
wood
75%
your
75%
bitchin'
50%
crossed
50%
fingers
50%
Heights
50%
him
50%
luck
50%
penny's
50%
ah-matized
25%
bad
25%
girls
25%
sign
25%
unlucky
25%
No matching quizzes found
Score Distribution
Percent of People with Each Score
Percentile by Number Answered
Your Score History
You have not taken this quiz